Análisis y desarrollo de un sistema de información para el control de producción en la Gerencia de Manufactura e Ingeniería de la empresa 3M Costa Rica S.A
Guardado en:
| Hovedforfatter: | |
|---|---|
| Format: | Bog |
| Udgivet: |
San José, Costa Rica
1990
|
| Fag: | |
| Tags: |
Tilføj Tag
Ingen Tags, Vær først til at tagge denne postø!
|
MARC
| LEADER | 00000nam a2200000Ia 4500 | ||
|---|---|---|---|
| 003 | 007361 | ||
| 005 | 20221231144306.0 | ||
| 008 | 140114s1990 cr a m 000 ||s d | ||
| 040 | |c cru CEDI | ||
| 090 | |a TFG 3085 | ||
| 100 | |a Caldwell Marín, Eldon Glenn |9 11493 | ||
| 245 | |a Análisis y desarrollo de un sistema de información para el control de producción en la Gerencia de Manufactura e Ingeniería de la empresa 3M Costa Rica S.A | ||
| 260 | |c 1990 |a San José, Costa Rica | ||
| 300 | |a ix, [326] hojas ; 27 cm | ||
| 500 | |a Proyecto de graduacion (licenciatura en ingeniería industrial)--Universidad de Costa Rica. Facultad de Ingeniería. Escuela de Ingeniería Industrial | ||
| 650 | |x SISTEMAS DE INFORMACION - COSTA RICA |x 3M COSTA RICA S.A. GERENCIA DE MANUFACTURA E INGENIERIA ORGANIZACION |9 11494 | ||
| 942 | |c TFG | ||
| 999 | |c 19684 |d 19684 | ||
